000 00592nam a2200229Ia 4500
003 OSt
005 20220928105234.0
006 a|||||r|||| 00| 0
007 ta
008 220927b |||||||| |||| 00| 0 eng d
024 _a57150
037 _cTextual
040 _aSDCL
_cSDCL
_beng
041 _2eng
_aeng
082 _aR6xM88, M2
100 _aRadhakrishan Serwpali
_9414462
245 0 _aBhagvatgeeta .
260 _aDelhi
_bSeraswati Vihar
_c1982
300 _a342p.
_ccm.
942 _hR6xM88, M2
_cTEXL
_2CC
999 _c730290
_d730290